[Event "FRA-chT Top 16 GpA"]
[Site "Chartres"]
[Date "2022.06.14"]
[Round "6.7"]
[White "Caille, Hugo"]
[Black "Le Roux, Jean Pierre"]
[Result "0-1"]
[WhiteElo "2159"]
[BlackElo "2513"]
[PlyCount "102"]
[EventDate "2022.06.09"]
[EventType "team-tourn"]
[EventRounds "7"]
[EventCountry "FRA"]
[SourceTitle "CBM 208 Extra"]
[Source "ChessBase"]
[SourceDate "2022.07.31"]
[SourceVersion "1"]
[SourceVersionDate "2022.07.31"]
[SourceQuality "1"]
[WhiteTeam "US Villejuif Echecs"]
[BlackTeam "Bischwiller"]
[WhiteTeamCountry "FRA"]
[BlackTeamCountry "FRA"]

1. Nf3 g6 2. e4 Bg7 3. d4 d6 4. Nc3 Nf6 5. Be2 0-0 6. 0-0 a6 7. a4 c6 8. h3 Qc7 9. a5 Nbd7 10. Be3 Rb8 11. Qc1 b5 12. axb6 Rxb6 13. d5 Rb4 14. Bxa6 Nxe4 15. Nxe4 Rxe4 16. Bd3 Rb4 17. c3 Rb8 18. dxc6 Qxc6 19. Nd4 Qb7 20. b4 Ne5 21. Be2 Bd7 22. f4 Nc6 23. Bf3 Nxd4 24. Bxd4 Bxd4+ 25. cxd4 Qxb4 26. Qe3 Rfe8 27. Ra7 Be6 28. d5 Bf5 29. g4 Bc2 30. Rf2 Rbc8 31. Rxe7 Ba4 32. f5 Rxe7 33. Qxe7 Qf4 34. Kg2 Re8 35. Qf6 Bb3 36. h4 Re3 37. Qd8+ Kg7 38. f6+ Qxf6 39. Qxf6+ Kxf6 40. Bd1+ Ke7 41. Bxb3 Rxb3 42. Re2+ Kf8 43. Ra2 Rd3 44. Ra5 h6 45. Kf2 g5 46. h5 Ke7 47. Ke2 Rd4 48. Ke3 Rxg4 49. Ra7+ Kf6 50. Rd7 Ke5 51. Rxf7 Rh4 0-1

[Event "FRA-chT Top 16 GpA"]
[Site "Chartres"]
[Date "2022.06.12"]
[Round "4.4"]
[White "Caille, Hugo"]
[Black "Daulyte Cornette, Deimante"]
[Result "0-1"]
[WhiteElo "2159"]
[BlackElo "2384"]
[PlyCount "46"]
[EventDate "2022.06.09"]
[EventType "team-tourn"]
[EventRounds "7"]
[EventCountry "FRA"]
[SourceTitle "CBM 208 Extra"]
[Source "ChessBase"]
[SourceDate "2022.07.31"]
[SourceVersion "1"]
[SourceVersionDate "2022.07.31"]
[SourceQuality "1"]
[WhiteTeam "US Villejuif Echecs"]
[BlackTeam "Chartres"]
[WhiteTeamCountry "FRA"]
[BlackTeamCountry "FRA"]

1. Nf3 Nf6 2. g3 g6 3. Bg2 Bg7 4. 0-0 0-0 5. d4 d6 6. Nc3 d5 7. Re1 c5 8. dxc5 Na6 9. Nd4 Nxc5 10. Nb3 Nxb3 11. axb3 d4 12. Na4 e5 13. c3 Re8 14. b4 a5 15. bxa5 Rxa5 16. b4 Ra7 17. Bb2 Qe7 18. cxd4 Qxb4 19. dxe5 Ng4 20. Qd4 Rxa4 21. Qxb4 Rxb4 22. Ba3 Ra4 23. f4 Ne3 0-1

[Event "FRA-chT Top 16 GpA"]
[Site "Chartres"]
[Date "2022.06.11"]
[Round "3.2"]
[White "Caille, Hugo"]
[Black "Vlachos, Anatole"]
[Result "0-1"]
[WhiteElo "2159"]
[BlackElo "2431"]
[PlyCount "86"]
[EventDate "2022.06.09"]
[EventType "team-tourn"]
[EventRounds "7"]
[EventCountry "FRA"]
[SourceTitle "CBM 208 Extra"]
[Source "ChessBase"]
[SourceDate "2022.07.31"]
[SourceVersion "1"]
[SourceVersionDate "2022.07.31"]
[SourceQuality "1"]
[WhiteTeam "US Villejuif Echecs"]
[BlackTeam "Tremblay en France"]
[WhiteTeamCountry "FRA"]
[BlackTeamCountry "FRA"]

1. d4 f5 2. g3 Nf6 3. Bg2 e6 4. Nh3 Be7 5. 0-0 0-0 6. c4 d6 7. Nc3 e5 8. b3 Qe8 9. Bb2 c6 10. e3 Na6 11. a3 Nc7 12. b4 e4 13. d5 cxd5 14. cxd5 Ng4 15. Rc1 Bf6 16. Qb3 Qf7 17. Rfd1 Ne5 18. Ne2 g5 19. Bxe5 dxe5 20. f3 exf3 21. Bxf3 Nb5 22. Nf2 Nd6 23. Rc2 Bd7 24. Rdc1 Qe8 25. Bg2 Ba4 26. Qd3 e4 27. Qd2 Bxc2 28. Rxc2 Rc8 29. g4 Rxc2 30. Qxc2 Qc8 31. Qxc8 Rxc8 32. gxf5 Nxf5 33. Ng4 Bb2 34. Bxe4 Nd6 35. Bd3 h5 36. Nf2 Bxa3 37. e4 Nf7 38. Ng3 Bxb4 39. Nxh5 Ne5 40. Nf6+ Kg7 41. N6g4 Nxg4 42. Nxg4 a5 43. Bb5 Rc5 0-1

[Event "Paris-ch U20"]
[Site "Paris"]
[Date "2016.??.??"]
[Round "4"]
[White "Mirimanian, Hayk"]
[Black "Caille, Hugo"]
[Result "1-0"]
[WhiteElo "2176"]
[BlackElo "2139"]
[PlyCount "51"]
[EventDate "2016.02.22"]
[EventType "swiss"]
[EventRounds "9"]
[EventCountry "FRA"]
[SourceTitle "EXT 2024"]
[Source "ChessBase"]
[SourceDate "2023.10.10"]
[SourceVersion "1"]
[SourceVersionDate "2023.10.10"]
[SourceQuality "1"]

1. e4 e5 2. Nf3 Nc6 3. Bc4 Nf6 4. d3 Be7 5. 0-0 0-0 6. Re1 d6 7. c3 Kh8 8. Nbd2 Ng8 9. d4 f5 10. dxe5 Nxe5 11. Nxe5 dxe5 12. Nf3 Qd6 13. exf5 Rxf5 14. Qe2 Qc6 15. Bd3 Rf8 16. Nxe5 Qf6 17. f4 Bc5+ 18. Kh1 Ne7 19. Qh5 Bf5 20. Bxf5 Nxf5 21. Nd7 g6 22. Nxf6 gxh5 23. Ne4 Rfe8 24. Bd2 Bb6 25. c4 Bd4 26. Bc3 1-0

[Event "Barcelona Sants op 17th"]
[Site "Barcelona"]
[Date "2015.08.30"]
[Round "10"]
[White "Caille, Hugo"]
[Black "Pozanco Romasanta, Marc"]
[Result "1-0"]
[WhiteElo "2255"]
[BlackElo "2111"]
[PlyCount "77"]
[EventDate "2015.08.21"]
[EventType "swiss"]
[EventRounds "10"]
[EventCountry "ESP"]
[SourceTitle "EXT 2016"]
[Source "ChessBase"]
[SourceDate "2015.10.08"]
[SourceVersion "1"]
[SourceVersionDate "2015.10.08"]
[SourceQuality "1"]

1. e4 g6 2. d4 Bg7 3. Nc3 c6 4. Be3 d5 5. f3 Nf6 6. e5 Ng8 7. Qd2 h5 8. 0-0-0 Nh6 9. Bd3 Nf5 10. Bxf5 Bxf5 11. Nge2 Qa5 12. Rdg1 Na6 13. g4 hxg4 14. fxg4 Bd7 15. Kb1 b5 16. Nf4 e6 17. Nd3 b4 18. Ne2 c5 19. Nxc5 Nxc5 20. dxc5 Bxe5 21. Bd4 Qc7 22. Bxe5 Qxe5 23. Nf4 d4 24. Nd3 Qc7 25. h4 a5 26. h5 gxh5 27. Qg5 Bb5 28. gxh5 Bxd3 29. cxd3 Qe7 30. Qg7 0-0-0 31. h6 Qd7 32. c6 Qc7 33. h7 f5 34. Qf6 Rxh7 35. Rxh7 Qxh7 36. Qxe6+ Kb8 37. Qe5+ Qc7 38. Qb5+ Ka7 39. Rg7 1-0

[Event "Barcelona Sants op 17th"]
[Site "Barcelona"]
[Date "2015.08.22"]
[Round "2"]
[White "Caille, Hugo"]
[Black "Peralta, Fernando"]
[Result "0-1"]
[WhiteElo "2255"]
[BlackElo "2564"]
[PlyCount "78"]
[EventDate "2015.08.21"]
[EventType "swiss"]
[EventRounds "10"]
[EventCountry "ESP"]
[SourceTitle "EXT 2016"]
[Source "ChessBase"]
[SourceDate "2015.10.08"]
[SourceVersion "1"]
[SourceVersionDate "2015.10.08"]
[SourceQuality "1"]

1. e4 d6 2. d4 Nf6 3. Nc3 g6 4. g3 Bg7 5. Bg2 0-0 6. Nge2 e5 7. dxe5 dxe5 8. Qxd8 Rxd8 9. Bg5 c6 10. 0-0 Nbd7 11. Rad1 Re8 12. a4 Nc5 13. b3 Ne6 14. Bc1 Nd4 15. Nxd4 exd4 16. Rxd4 Nd7 17. Rd3 Nc5 18. Re3 Bd4 19. Rd1 Bxe3 20. Bxe3 Na6 21. Ne2 f5 22. e5 Nc7 23. f4 Be6 24. c4 Red8 25. Rxd8+ Rxd8 26. Bxa7 Rd1+ 27. Bf1 Rb1 28. Nd4 Bd7 29. Kf2 Ne6 30. Bd3 Rb2+ 31. Ke3 Nxd4 32. Kxd4 Rxb3 33. Bc2 Rf3 34. Kc5 Be6 35. Kd6 Kf7 36. Bd4 Bxc4 37. a5 Ra3 38. Bb6 Ra2 39. Bb1 Rb2 0-1